000 00401nam a2200145Ia 4500
008 230917s9999||||xx |||||||||||||| ||und||
040 _e196189
_aMAIN
041 _aEnglish
082 _a809.4 A25C
100 _aAddison, Joseph
245 0 _aCritical essays from the spectator; with four essays by Richard steele
260 _aOxford
_bClarendon Press
_c1970
300 _aix, 299 p.
942 _cBK
999 _c166643
_d166643